Tilastot visalle Kirjaimeen U päättyvät valtiot

Klikkaa tästä pelataksesi tätä visaa!

Yleistilastot

  • Tätä visaa on pelattu 843 kertaa
  • Keskiarvotulos 5 / 6

Vastaustilastot

Vastaus% Oikein
Tuvalu
88%
Nauru
86%
Peru
86%
Vanuatu
86%
Palau
81%
Guinea-Bissau
36%

Tulosjakauma

Persentiili vastausten määrän mukaan

Jokaisen tuloksen saaneiden osuus

Tuloshistoriasi

Et ole pelannut tätä visaa